Statystyki dla Trzy największe i najmniejsze państwa, na których fladze występują podane kolory

Kliknij tutaj aby rozwiązać quiz!

Ogólne statystyki

  • Ten quiz został rozwiązany 1 411 razy
  • Średni wynik to 21 z 36

Statystyki odpowiedzi

KoloryNaj państwa% Poprawnych
czerwonyRosja
95%
białyRosja
95%
niebieskiRosja
95%
Chiny
92%
żółtyChiny
92%
Stany Zjednoczone
89%
Stany Zjednoczone
89%
Kanada
88%
Kanada
88%
Brazylia
84%
zielonyBrazylia
84%
Brazylia
84%
żółtyWatykan
81%
białyWatykan
81%
Indie
69%
Monako
69%
czerwonyMonako
69%
San Marino
68%
Argentyna
56%
Liechtenstein
50%
Algieria
42%
Nauru
35%
Nauru
35%
niebieskiNauru
35%
Libia
32%
Tuvalu
32%
Tuvalu
32%
czarnySudan
30%
zielonySaint Kitts i Nevis
23%
czarnySaint Kitts i Nevis
23%
Saint Kitts i Nevis
23%
Angola
22%
Antigua i Barbuda
21%
Barbados
20%
Grenada
19%
Malediwy
19%

Rozkład punktacji

Percentyl według liczby udzielonych odpowiedzi

Procent ludzi z każdym wynikiem

Twoja historia wyników

Nie rozwiązałeś tego quizu